000 00373nam a2200145Ia 4500
008 230917s9999||||xx |||||||||||||| ||und||
040 _e150595
_aMAIN
041 _aEnglish
082 _a410.016 L647L
100 _aBeylsmit, J J
245 0 _aLinguistic bibliography for the year 1979
260 _aThe Hague
_bMartinus Nijhoff
_c1982
300 _a742 p.
942 _cBK
999 _c223492
_d223492